| 000 | 01153 a2200169 4500 | ||
|---|---|---|---|
| 003 | Nust | ||
| 005 | 20221202123904.0 | ||
| 040 | _cNust | ||
| 082 | _a621.38153,MAR | ||
| 100 |
_aJ. A. Markum _9104014 |
||
| 245 |
_aIntermediate Electronic fabrication : _ban introduction to printed circuit board construction volume II of III / |
||
| 260 |
_aCalfornia _bThe technical education press _c1976 |
||
| 300 | _a192p | ||
| 505 | _aSafety (Page-7), An Introduction to The P.C Board (Page-13), P.C Board Familiarization (Page-19), Component Layout and the Trace Outline (Page-33), The Introduction to PCB Artwork (Page-49), PCB Master Artwork (Page-61), Scotchal Film Negative (Page-79), Preliminary P.C Board (Page-85), P.C Board Etching (Page-91), P.C.B Stripping. Tinning (Page-97), PCB Components Mounting (Page-103), Complex PCB (Page-111), PCB Outlining (Page-125), Double Sided PCB Fabrications (Page-137), 2x and 4x Artwork (Page-153), The Camera and Films (Page-167), Films Developing and Processes (Page-175), Photosensitive Positive Acting (Page-181), Plated Through Holes (Page-184). | ||
| 650 | _aTelecommunication Engineering | ||
| 942 |
_2ddc _cBK |
||
| 999 |
_c182408 _d182408 |
||